| 000 | | | 03677nmc2a22002413x 450 |
| 001 | | | d069e950-bd03-4b07-80a3-0ac123694afd |
| 005 | | | 20251027140730.0 |
| 100 | ## | $a | 20250529l18611861k l0rusy0189 ca |
| 101 | 0# | $a | rus |
| 102 | ## | $a | RU |
| 105 | ## | $a | y### |
| 122 | 2# | $a | d |
| 200 | 1# | $a | Дело по письму графа де Броэль-Платера об открытии в Житомире на счет собственных его средств временного музея с библиотекой |
| | $j | 12 июля - 31 октября 1861 г. |
| 215 | ## | $a | 13 л. |
| | $d | 36,5х26 см |
| 251 | ## | $c | Дело |
| 300 | ## | $a | На обложке указано: "№89" |
| 371 | ## | $a | Документ не является опубликованным и широко распространяемым |
| 461 | #0 | $1 | 0012b5b8419-5ce4-4d16-a7a3-85720a295f1f |
| | $1 | 2001 |
| | $a | Канцелярия министра народного просвещения |
| | $1 | 251 |
| | $c | Фонд |
| | $1 | 852 |
| | $j | 735 |
| 462 | #0 | $1 | 001f9d86302-efd9-4da3-b833-350837400fc9 |
| | $1 | 2001 |
| | $a | Канцелярия министра народного просвещения |
| | $1 | 251 |
| | $c | Опись |
| | $1 | 852 |
| | $j | 6 |
| 801 | #0 | $a | RU |
| | $b | РГИА |
| | $c | 20250529 |
| | $g | RCR |
| 801 | #1 | $a | RU |
| | $b | ГлавНИВЦ |
| | $c | 20250529 |
| | $2 | rusmarc |
| 801 | #2 | $a | RU |
| | $b | ПБ им. Б.Н. Ельцина |
| | $c | 20251027 |
| | $g | RCR |
| | $2 | rusmarc |
| 850 | ## | $a | РГИА |
| 852 | ## | $a | РГИА |
| | $e | Федеральное казенное учреждение "Российский государственный исторический архив" (РГИА) |
| | $j | 154 |
| 937 | ## | $h | РГИА |
| | $d | 12425466 |
| | $a | ASBIBLIO_SCAN |
| 035 | ## | $a | RusGRCC00086297 |
| 856 | ## | $u | http://readingroom.main.prlib.ru/item.aspx?id_node=n198705546&mode=full |